logo

Bir Sreshtho Munshi Abdur Rouf Library
Jhenaidah Cadet College

The Computer : (Record no. 5346)

MARC details
000 -LEADER
fixed length control field 00548nam a2200217 a 4500
001 - CONTROL NUMBER
JCCL Control Number 5346
003 - CONTROL NUMBER IDENTIFIER
JCCL marc code BD-JhCC
005 - DATE AND TIME OF LATEST TRANSACTION
control field 20171213111249.0
008 - FIXED-LENGTH DATA ELEMENTS--GENERAL INFORMATION
fixed length control field 171213s1971 e a|||| || | 000 0 eng d
035 ## - SYSTEM CONTROL NUMBER
system control number (BD-JhCC)5346
040 ## - CATALOGING SOURCE
Original cataloging agency BD-JhCC
Modifying agency BD-JhCC
041 ## - LANGUAGE CODE
Language code of Book eng
082 ## - DEWEY DECIMAL CLASSIFICATION NUMBER
Classification number 004
Author mark and Year CAR 1971
100 ## - MAIN ENTRY--PERSONAL NAME
Personal name Carey, David
245 ## - TITLE STATEMENT
Title The Computer :
Remainder of title How it works' /
Statement of responsibility, etc David Carey,
260 ## - PUBLICATION, DISTRIBUTION, ETC. (IMPRINT)
Place of publication, distribution, etc Loughborough :
Name of publisher, distributor, etc Ladybird Books Ltd,
Date of publication, distribution, etc 1971.
300 ## - PHYSICAL DESCRIPTION
Pagination 50 p. :
Other physical details ill. ;
Dimensions 18 cm.
650 ## - SUBJECT ADDED ENTRY--TOPICAL TERM
Topical term or geographic name as entry element Computer
942 ## - ADDED ENTRY ELEMENTS (KOHA)
Source of classification or shelving scheme Dewey Decimal Classification
Koha item type Books
Holdings
Source of classification or shelving scheme Damaged status Not for loan Home library Current library Shelving location Date of accession Total Checkouts Full call number Barcode Date last seen Copy number Koha item type
Dewey Decimal Classification     JCC Rouf Library JCC Rouf Library General Stacks 12/13/2017   004 CAR 1971 7430 12/13/2017 C-1 Books

JCC Library | Contacts | JCC Home

Last Update on 23 September 2017
Copyright @ 2017-2020 JCC Rouf Library
Rouf Library, Jhenidah Cadet College (JCC), Bangladesh